1102 1589 1546 1450 1495 1817 1859 1656 1228 1751 1925 1982 1260 1842 1146 1244 1060 1827 1617 1138 1602 1967 1075 1601 1403 1371 1741 1040 1548 1934 1993 1944 1010 1660 1047 1740 1753 1110 1328 1131 1062 1058 1856 1805 1981 1097 1917 1026 1812 1554 1485 1508 2000 1065 1329 1058 1699 1195 1216 1959 1739 1170 1097 1581 1884 1768 1428 1606 1895 1756 1869 1616 1932 1122 1812 1344 1136 1204 1711 1142 1921 1963 1187 1777 1240 1306 1345 1676 1734 1424 1879 1094 1281 1249 1084 1586 1302 1353 1116 BCNSPRNW ULIB Ver.6.0+V

เปลี่ยนเป็นภาษาไทย

Change to English
 แสดงรายละเอียดบรรณานุกรม
  กลับหน้าหลัก

Brief Record : Get Marc (ISO 2709) : E-mail record : QR code < ปิดหน้าต่าง
LEADER : 00000nam 2200000uu 4500
001    13399107671
003     ULIB
008    110114s2548th 000 0 tha d
020    9749712587
020    9789749712580
060 04 QT104^bว435ส 2548
100 0  วันเพ็ญ ภูติจันทร์
245 10 สรีรวิทยาทั่วไป =^bGeneral physiology /^cวันเพ็ญภูติจันทร์
246 31 General physiology
250    พิมพ์ครั้งที่ 1
260    กรุงเทพฯ :^bโอเดียนสโตร์,^c2548
300    384 หน้า :^bภาพประกอบ ;^c24 ซม.
650  7 สรีรวิทยา
945    ^p250^l0^i028234
945    ^p250^l0^i019935
995    เกษร
999 ^a ใช้งานได้ทุกระบบ
รายการนี้ยังไม่มีแท็ก
คุณยังไม่ได้ล็อกอิน คุณสามารถมีกิจกรรมร่วมกับเว็บไซต์ได้ แต่ต้องล็อกอินก่อน ::
  ล็อกอิน

รายการสื่อสารสนเทศ

ลำดับที่ ประเภท เลขเรียก/บาร์โค้ด สถานที่ สถานะ
1. วิทยาศาสตร์การแพทย์ และสุขภาพ
วิทยาศาสตร์การแพทย์ และสุขภาพ
สถานะ=หนังสือเก่า
QT104 ว435ส 2548 ฉ.2 
  Barcode: 019935
ห้องสมุดวิทยาเขตสวรรค์ประชารักษ์
►ส่วนจัดเก็บหนังสือเก่า สปร
บนชั้น
  ขอยืม

รายการใกล้เคียง
    ผู้แต่ง [วันเพ็ญ ภูติจันทร์]

    หัวเรื่อง [สรีรวิทยา]

BibComment


ยังไม่เคยถูกคอมเมนท์

คอมเมนท์ทรัพยากรรายการนี้
  คอมเมนท์: สรีรวิทยาทั่วไป ..


 Copyright 2026. Bcnsprnw @Library